000 01337cam a22003015a 4500
005 20081020032651.0
008 081003s2008 ii ab b 001 0 eng
010 _aENG-92610-11
020 _a9788185867779 (v. 1)
_c200.00 (app) (v.1 & v.2)
020 _a9788185867786 (v. 2)
035 _aEN-76143-44
037 _bDBAD / PUB
040 _adpl
_bEnglish
082 _a551.0954
100 _aRamakrishnan, M.
245 _aGeology of India /
_cby M. Ramakrishnan [and] R. Vaidyanadhan.
260 _aBangalore :
_bGeological Society of India,
_c2008
300 _a2 v (xxx, 556p.; xxix, 557-994p.)
_bill., maps (chiefly col.; one folded) ;
_c26 cm. +
_e1 col. folded map.
500 _aIncludes bibliographical references and index.
500 _aVol. 2 acompanied by one folded color map.
500 _aThe price of the books fixed 200.00 (app)
650 _aGeology
_zIndia
700 _aVaidyanadhan, R.
710 _aGeological Society of India.
942 _2ddc
_cEN
_mRAM
_h551.0954
999 _c22433
_d22433